Guide for the Perplexed. (Record no. 36)
[ view plain ]
| 000 -LEADER | |
|---|---|
| fixed length control field | 00559nam a2200229 a 4500 |
| 020 ## - INTERNATIONAL STANDARD BOOK NUMBER | |
| ISBN | |
| 082 00 - DEWEY DECIMAL CLASSIFICATION NUMBER | |
| Classification number | 181.06 |
| Author Cutter | MAI |
| 100 ## - MAIN ENTRY--AUTHOR NAME | |
| Author name | Maimonides, Moses |
| 245 ## - TITLE STATEMENT | |
| Title | Guide for the Perplexed. |
| 260 ## - PUBLICATION, DISTRIBUTION, ETC. (IMPRINT) | |
| Place of publication | London |
| Name of publisher | Routledge Chapman Hall |
| Year of publication | 1951 |
| 300 ## - PHYSICAL DESCRIPTION | |
| Number of Pages | 414p |
| 500 ## - GENERAL NOTE | |
| General note | includes index and biblioraphy |
| 505 2# - FORMATTED CONTENTS NOTE | |
| Formatted contents note | Bibliographt, Index |
| 650 ## - SUBJECT ADDED ENTRY--TOPICAL TERM | |
| Topical Term | Philosophy-Jewish |
| 942 ## - ADDED ENTRY ELEMENTS (KOHA) | |
| Koha item type | Books |
| Home library | Current library | Date acquired | Cost, normal purchase price | Full call number | Accession Number | Koha item type |
|---|---|---|---|---|---|---|
| Henry Martyn Institute Library | Henry Martyn Institute Library | 05/05/2008 | 100.00 | 181.06 MAI | 01109 | E-Books |
